[Event "Clichy 92 IM 2022"]
[Site "Clichy"]
[Date "2022.02.21"]
[Round "2.4"]
[White "Degardin, Sylvain"]
[Black "Mekhane, Adam"]
[Result "1-0"]
[WhiteElo "2291"]
[BlackElo "2318"]
[Annotator "TA"]
[PlyCount "77"]
[EventDate "2022.02.20"]
[EventType "tourn"]
[EventCountry "FRA"]
[SourceTitle "playchess.com"]
[Source "ChessBase"]
[SourceQuality "1"]

{[%evp 11,77,25,24,29,25,18,20,22,22,26,27,28,37,28,33,18,24,23,25,6,64,68,116,111,95,60,119,29,40,31,30,17,47,40,54,45,70,30,68,66,412,405,390,370,410,370,621,594,574,561,866,862,1367,1399,29992,29987,29987,29988,29988,29978,29977,29978,29978,29977,29961,10042,29988,29989]} 1. e4 c5 2. Nf3 Nc6 3. Bb5 e6 4. O-O Nge7 5. d4 cxd4 6. Nxd4 Qb6 {6...Ng6 injects fresh life into this line.} 7. Nxc6 {B30: Sicilian: 2...Nc6 3 Bb5, lines without ...g6.} bxc6 8. Be2 Ng6 9. c4 {To avoid d5. The position is equal.} Be7 10. Nc3 O-O 11. Qc2 c5 12. Be3 Bb7 13. Rad1 {[#]} Qc7 $146 ({Predecessor:} 13... d6 14. b4 Qc7 15. bxc5 dxc5 16. f4 Rfd8 17. Rb1 Rab8 18. g3 a6 19. Rb3 Ba8 {½-½ (35) Fischer,D (2311)-Hoffmann,F (2298) GER email 2017}) 14. f4 d6 15. g3 Bc6 ({Black should play} 15... a6 $11) 16. h4 $14 {[%cal Bh2h4,Bh4h5][%mdl 32]} h6 (16... Rfd8 $14) 17. h5 $16 Nh8 18. Bd3 {[%cal Oe4e5]} f6 {To avoid e5} (18... Rfe8 $14) 19. Qe2 (19. Nb5 $16 Qd7 20. e5) 19... Nf7 20. Bb1 Rab8 21. Rf2 Rb6 22. Qd3 {[%cal Oc3d5]} Rfb8 23. Bc1 Qc8 24. Re1 {[%cal Oc3d5]} (24. Nd5 $5 {[%cal Rd5e7]} R6b7 25. Nxe7+ Rxe7 26. e5 $16) 24... Ba8 25. Nd5 {White is more active.} exd5 {[%mdl 8192] [#] This costs Black the game.} (25... R6b7 $14) 26. exd5 $18 Kf8 27. Qg6 {Prevents Qg4.} Qe8 28. Rfe2 {[%cal Bf2e2,Be2e4,Be4g4][%mdl 32]} R6b7 (28... Ne5 29. Qh7 (29. fxe5 Qxg6 30. Bxg6 dxe5 $14) 29... Qf7 30. fxe5 dxe5) 29. Qh7 Rc7 30. Bf5 {[#] Be6 is the strong threat.} Bb7 31. Be6 {White threatens f5 and mate.} Bc8 32. f5 {[%cal Oc1h6] White wants to mate with Bxh6!} Rbb7 33. Re4 Bxe6 34. dxe6 Qb8 35. Rg4 Ke8 36. Qg8+ Bf8 37. exf7+ Kd7 38. Re8 Rc8 39. Qxf8 {Weighted Error Value: White=0.13 (very precise) /Black=0.74} 1-0

[Event "Clichy 92 IM 2022"]
[Site "Clichy"]
[Date "2022.02.21"]
[Round "2.5"]
[White "Decuigniere, Tom"]
[Black "Benmesbah, Natacha"]
[Result "1-0"]
[WhiteElo "2292"]
[BlackElo "2224"]
[Annotator "TA"]
[PlyCount "75"]
[EventDate "2022.02.20"]
[EventType "tourn"]
[EventCountry "FRA"]
[SourceTitle "playchess.com"]
[Source "ChessBase"]
[SourceQuality "1"]

{[%evp 13,75,2,25,26,38,0,11,0,0,0,50,15,28,21,21,12,39,1,47,51,45,45,89,88,93,79,77,82,136,140,136,136,143,81,214,191,206,193,297,181,193,162,161,145,328,367,350,345,666,859,845,847,814,790,736,735,975,1008,996,985,931,883,862,770]} 1. d4 d6 2. c4 e5 3. e3 Nd7 4. Nc3 g6 5. g3 Bg7 6. Bg2 Ne7 7. Nge2 O-O 8. O-O {A21: English Opening: 1...e5 2 Nc3.} exd4 9. exd4 a6 10. b3 {The position is equal.} Rb8 11. a4 {[#]} a5 $146 (11... Re8 $11) ({Predecessor:} 11... Re8 12. Bb2 c5 13. Ne4 Qc7 14. Qd2 Nf5 15. dxc5 dxc5 16. Bxg7 Kxg7 17. Nf4 Nd4 {1-0 (25) Felecan,F (2270)-Eusebe,A (2125) Zagan 1995}) 12. Qd2 Nf5 13. Bb2 Nf6 14. Rfe1 Bd7 15. Rad1 Bc6 (15... c6 $11) 16. d5 $14 Bd7 17. Nb5 $36 {[%mdl 2048] White has good play.} Bxb5 (17... Ra8 $14) 18. cxb5 $16 b6 19. Bh3 {Bxf5 is the strong threat. This bishop pair is nice.} Ne4 20. Qc2 {Black must now prevent Bxg7.} Ng5 (20... Bxb2 $142 21. Qxb2 (21. Bxf5 Nxf2 22. Kxf2 Qf6 $14) 21... Qg5) 21. Bg2 {aiming for Bxg7.} Bxb2 22. Qxb2 Re8 23. Nf4 ({Better is} 23. h4 Ne4 24. Nd4 Nxd4 25. Bxe4) 23... h5 {[#]} (23... Rxe1+ $16 24. Rxe1 h5) 24. Rxe8+ $1 $18 Qxe8 {[#]} 25. Nxh5 $1 {Strongly threatening Nf6+.} Nh7 (25... Qe5 $142 26. Nf6+ Kg7 27. Qxe5 dxe5) 26. Nf4 Qe5 27. Qxe5 dxe5 28. Nd3 f6 $2 {A mistake that costs the game.} (28... Re8 $16 29. Re1 Nf6) 29. Rc1 Rc8 30. Bh3 Kf7 $2 (30... Rd8 31. Bxf5 gxf5 32. Rxc7 Ng5) 31. Bxf5 {White is clearly winning.} gxf5 {[%mdl 4096] Endgame KRN-KRN} 32. d6 Ke6 33. dxc7 Kd7 34. b4 {Hoping for bxa5.} axb4 35. Nxb4 {And now Nd5 would win.} Rxc7 36. Rxc7+ Kxc7 37. Nd5+ Kb7 38. h4 {Weighted Error Value: White=0.15 (very precise) /Black=0.46} 1-0

[Event "Clichy 92 IM 2022"]
[Site "Clichy"]
[Date "2022.02.21"]
[Round "3.1"]
[White "Benmesbah, Natacha"]
[Black "Degardin, Sylvain"]
[Result "1-0"]
[WhiteElo "2224"]
[BlackElo "2291"]
[Annotator "NA"]
[PlyCount "59"]
[EventDate "2022.02.20"]
[EventType "tourn"]
[EventCountry "FRA"]
[SourceTitle "playchess.com"]
[Source "ChessBase"]
[SourceQuality "1"]
[TimeControl "40/5400+30:1800+30"]

1. e4 {[%emt 0:06:08]} e5 {[%emt 0:00:35]} 2. Nf3 {[%emt 0:01:13]} Nc6 {[%emt 0:00:32]} 3. Bb5 {[%emt 0:01:37]} a6 {[%emt 0:01:58]} 4. Ba4 {[%emt 0:00:06]} Nf6 {[%emt 0:04:19]} 5. d3 {[%emt 0:00:26]} d6 {[%emt 0:02:33]} 6. a3 {[%emt 0:12:04]} g6 {[%emt 0:02:09]} (6... b5 $5 7. Bb3 Be6 $11) 7. Nc3 {[%emt 0:02:04]} Bg7 {[%emt 0:01:56]} 8. h3 {[%emt 0:05:58]} O-O {[%emt 0:01:36]} 9. Bg5 {[%emt 0:02:17]} h6 {[%emt 0:03:05]} 10. Be3 {[%emt 0:00:26]} Kh7 {[%emt 0:18:32]} 11. O-O {[%emt 0:09:37]} Bd7 {[%emt 0:04:02]} 12. Bb3 {[%emt 0:02:04]} Qe8 {[%emt 0:09:45]} 13. Re1 {[%emt 0:10:57]} Nh5 {[%emt 0:04:49]} 14. Nd5 {[%emt 0:01:32]} Rc8 $1 {[%emt 0:01:55]} 15. d4 {[%emt 0:07:11]} b6 {[%emt 0:20:26]} 16. g4 {[%emt 0:14:56]} f5 {[%emt 0:11:39]} 17. exf5 $18 {[%emt 0:10:25]} ({Much less strong is} 17. gxh5 $6 fxe4 18. Nh4 g5 $16) 17... e4 {[%emt 0:06:58]} 18. Nh4 {[%emt 0:05:56]} gxf5 {[%emt 0:01:22]} 19. gxh5 {[%emt 0:00:09]} f4 {[%emt 0:01:07]} 20. Nxf4 {[%emt 0:00:56]} Nxd4 {[%emt 0:00:37]} 21. Bxd4 {[%emt 0:01:12]} Rxf4 {[%emt 0:00:15]} 22. Ng6 {[%emt 0:01:46]} Rf5 {[%emt 0:00:34]} 23. Bxg7 {[%emt 0:00:49]} Kxg7 {[%emt 0:00:44]} 24. Qd4+ {[%emt 0:00:11]} Kh7 {[%emt 0:00:21]} 25. Rxe4 {[%emt 0:01:45]} Rg5+ {[%emt 0:00:07]} 26. Kh2 {[%emt 0:00:10]} Rxh5 {[%emt 0:01:01]} 27. Rxe8 {[%emt 0:00:44]} Rxh3+ {[%emt 0:00:28]} 28. Kg2 {[%emt 0:00:25]} Rxe8 {[%emt 0:00:18]} 29. Nf4 {[%emt 0:00:11]} Rh4 {[%emt 0:00:13]} 30. Qd3+ {[%emt 0:00:12]} 1-0

[Event "Clichy 92 IM 2022"]
[Site "Clichy"]
[Date "2022.02.21"]
[Round "3.2"]
[White "Valles Moreno, Ivan"]
[Black "Decuigniere, Tom"]
[Result "1/2-1/2"]
[WhiteElo "2401"]
[BlackElo "2292"]
[Annotator "NA"]
[PlyCount "62"]
[EventDate "2022.02.20"]
[EventType "tourn"]
[EventCountry "FRA"]
[SourceTitle "playchess.com"]
[Source "ChessBase"]
[SourceQuality "1"]
[TimeControl "40/5400+30:1800+30"]

1. Nf3 {[%emt 0:03:30]} c5 {[%emt 0:00:15]} 2. c4 {[%emt 0:00:45]} g6 {[%emt 0:00:28]} 3. d4 {[%emt 0:00:18]} cxd4 {[%emt 0:00:14]} 4. Nxd4 {[%emt 0:00:08]} Nc6 {[%emt 0:00:15]} 5. e4 {[%emt 0:00:07]} Nf6 {[%emt 0:00:32]} 6. Nc3 {[%emt 0:00:08]} d6 {[%emt 0:00:17]} 7. Be2 {[%emt 0:00:08]} Nxd4 {[%emt 0:00:15]} 8. Qxd4 {[%emt 0:00:09]} Bg7 {[%emt 0:00:08]} 9. Be3 {[%emt 0:02:40]} O-O {[%emt 0:00:25]} 10. Qd2 {[%emt 0:00:23]} a5 {[%emt 0:01:26]} 11. O-O {[%emt 0:00:23]} a4 {[%emt 0:01:18]} 12. Rad1 {[%emt 0:00:31]} Qa5 {[%emt 0:04:32]} 13. Bd4 {[%emt 0:03:14]} Bd7 {[%emt 0:09:06]} 14. Qe3 {[%emt 0:23:05]} Ng4 {[%emt 0:11:57]} 15. Qg3 {[%emt 0:06:11]} (15. Bxg4 $14 {feels stronger.} Bxg4 16. Bxg7 Kxg7 17. Rd4) 15... Bxd4 {[%emt 0:06:50]} 16. Rxd4 {[%emt 0:05:20]} Nf6 {[%emt 0:03:19]} 17. Rfd1 {[%emt 0:08:44]} Bc6 {[%emt 0:07:53]} 18. a3 {[%emt 0:08:19]} Nd7 {[%emt 0:06:35]} 19. Nd5 {[%emt 0:10:29]} Bxd5 {[%emt 0:03:02]} 20. exd5 {[%emt 0:00:07]} Qb6 {[%emt 0:00:49]} 21. Qc3 {[%emt 0:12:38]} Qc5 {[%emt 0:14:39]} 22. Qh3 {[%emt 0:04:20]} Rfd8 {[%emt 0:04:36]} 23. Qe3 {[%emt 0:02:56]} Re8 {[%emt 0:01:26]} 24. h4 {[%emt 0:00:26]} Nf6 $14 {[%emt 0:05:15]} 25. Bf3 {[%emt 0:01:18]} h5 {[%emt 0:01:02]} 26. Qg5 {[%emt 0:02:18]} Kg7 {[%emt 0:00:23]} 27. Rf4 {[%emt 0:00:16]} b5 {[%emt 0:02:59]} 28. Re1 {[%emt 0:00:13]} Nh7 {[%emt 0:01:46]} 29. Qg3 {[%emt 0:00:07]} Nf6 {[%emt 0:00:33]} 30. Qg5 {[%emt 0:01:18]} Nh7 {[%emt 0:00:13]} 31. Qg3 {[%emt 0:00:11]} Nf6 {[%emt 0:00:17]} 1/2-1/2

[Event "Clichy 92 IM 2022"]
[Site "Clichy"]
[Date "2022.02.21"]
[Round "3.4"]
[White "Mekhane, Adam"]
[Black "Onkoud, Abdelaziz"]
[Result "1-0"]
[WhiteElo "2318"]
[BlackElo "2317"]
[Annotator "NA"]
[PlyCount "83"]
[EventDate "2022.02.20"]
[EventType "tourn"]
[EventCountry "FRA"]
[SourceTitle "playchess.com"]
[Source "ChessBase"]
[SourceQuality "1"]
[TimeControl "40/5400+30:1800+30"]

1. e4 {[%emt 0:00:05]} d6 {[%emt 0:00:19]} 2. d4 {[%emt 0:00:15]} g6 {[%emt 0:00:10]} 3. Nc3 {[%emt 0:00:17]} Bg7 {[%emt 0:00:07]} 4. Nf3 {[%emt 0:00:21]} a6 {[%emt 0:00:37]} 5. a4 {[%emt 0:11:20]} Bg4 {[%emt 0:08:07]} 6. Be2 {[%emt 0:04:34]} Nc6 {[%emt 0:00:51]} 7. Be3 {[%emt 0:07:07]} Nf6 {[%emt 0:06:52]} 8. d5 {[%emt 0:08:36]} Nb8 {[%emt 0:05:48]} 9. Qd2 {[%emt 0:04:36]} Nbd7 {[%emt 0:06:15]} 10. O-O {[%emt 0:06:57]} O-O {[%emt 0:01:09]} 11. Bh6 {[%emt 0:06:18]} Bxf3 {[%emt 0:06:49]} 12. Bxf3 {[%emt 0:01:24]} e5 {[%emt 0:00:16]} 13. a5 {[%emt 0:45:10]} Ne8 {[%emt 0:02:49]} 14. Bxg7 {[%emt 0:00:00]} Nxg7 {[%emt 0:00:36]} 15. Be2 {[%emt 0:00:00]} f5 {[%emt 0:02:33]} 16. f4 {[%emt 0:00:00]} (16. exf5 $14 Nxf5 17. Bg4) 16... exf4 $11 {[%emt 0:00:59]} 17. Rxf4 {[%emt 0:00:00]} g5 {[%emt 0:00:30]} 18. Rf2 {[%emt 0:00:00]} f4 {[%emt 0:00:50]} 19. g3 {[%emt 0:00:00]} fxg3 {[%emt 0:03:42]} 20. Rxf8+ {[%emt 0:00:00]} Qxf8 {[%emt 0:05:25]} 21. hxg3 {[%emt 0:00:00]} Qe7 {[%emt 0:00:10]} 22. Rf1 {[%emt 0:00:00]} Ne5 {[%emt 0:00:42]} 23. Kg2 {[%emt 0:00:00]} Rf8 {[%emt 0:02:47]} 24. Rxf8+ {[%emt 0:00:00]} Kxf8 {[%emt 0:00:10]} 25. Qe3 {[%emt 0:00:00]} h5 {[%emt 0:02:09]} 26. Qa7 {[%emt 0:00:00]} h4 {[%emt 0:00:22]} 27. Qxb7 {[%emt 0:00:00]} hxg3 {[%emt 0:03:11]} 28. Qxa6 {[%emt 0:00:00]} Ng6 {[%emt 0:12:18]} 29. Qc8+ {[%emt 0:00:00]} Kf7 {[%emt 0:00:06]} 30. Qg4 {[%emt 0:00:15]} Nf4+ {[%emt 0:07:35]} 31. Kxg3 {[%emt 0:00:21]} Qf6 {[%emt 0:01:06]} 32. a6 {[%emt 0:04:44]} Qd4 {[%emt 0:10:10]} 33. Kf3 {[%emt 0:00:08]} Ng6 {[%emt 0:02:59]} 34. Qxg5 {[%emt 0:01:04]} Ne8 {[%emt 0:01:44]} 35. Bd3 {[%emt 0:01:33]} Nf6 {[%emt 0:00:27]} 36. Qe3 {[%emt 0:01:02]} Qe5 {[%emt 0:00:25]} 37. Ke2 {[%emt 0:00:52]} Qh5+ {[%emt 0:03:58]} 38. Kd2 {[%emt 0:00:37]} Qh1 {[%emt 0:00:50]} 39. Be2 {[%emt 0:01:00]} Qa1 {[%emt 0:00:48]} 40. a7 {[%emt 0:00:42]} Ne5 {[%emt 0:01:01]} 41. Qd4 {[%emt 0:02:28]} Nfg4 {[%emt 0:01:27]} 42. Na4 {[%emt 0:05:26]} 1-0

[Event "Clichy 92 IM 2022"]
[Site "Clichy"]
[Date "2022.02.21"]
[Round "3.5"]
[White "Droin, Augustin"]
[Black "Petrov, Martin"]
[Result "1/2-1/2"]
[WhiteElo "2343"]
[BlackElo "2542"]
[Annotator "TA"]
[PlyCount "93"]
[EventDate "2022.02.20"]
[EventType "tourn"]
[EventCountry "FRA"]
[SourceTitle "playchess.com"]
[Source "ChessBase"]
[SourceQuality "1"]

{[%evp 9,93,12,20,0,0,7,11,16,22,-16,-8,-5,-17,-10,-8,-44,-51,-44,-56,-52,-37,-70,-54,-52,-43,-78,-32,-37,0,0,0,-2,0,-13,0,-41,-19,-40,-40,-29,-9,-18,-11,-60,-52,-102,-37,-42,-33,-29,0,0,0,0,0,0,0,0,0,0,0,0,0,0,0,-1785,-1785,-1616,-1544,-29981,-29982,-29984,0,0,0,0,0,0,0,0,0,0,0,0,0,0]} 1. e4 c5 2. Nf3 d6 3. Bb5+ Nd7 4. Ba4 Ngf6 5. Qe2 a6 6. c4 {To avoid b5. B51: Sicilian: Moscow Variation (3 Bb5+) without 3...Bd7.} g6 7. Nc3 Bg7 8. O-O O-O {[#]} 9. Bc2 $146 ({Predecessor:} 9. Rd1 Nb6 10. Bb3 Bg4 11. h3 Bxf3 12. Qxf3 Nfd7 13. Qe2 Nc8 14. d3 Na7 15. Be3 {0-1 (31) Haver,D (2053)-Vereggen,L (2179) Delft 2014}) 9... Ng4 10. d3 Nde5 11. Nxe5 Nxe5 12. f4 Nc6 {[%cal Ob7b5]} 13. Be3 Nd4 14. Qd2 b5 15. Rae1 Rb8 16. Bb1 f5 17. b3 b4 (17... Qa5 $17 {[%cal Od4b3] Hoping for ...Nxb3!} 18. Nd5 Qd8) 18. Ne2 $15 e5 19. fxe5 dxe5 {Strongly threatening ...f4.} 20. exf5 Bxf5 21. Ng3 Qd7 22. Bh6 (22. Ne4 $11) 22... Rbe8 23. Rf2 Bxh6 24. Qxh6 Qg7 25. Qe3 h5 {[%cal Bh7h5,Bh5h4][%mdl 32]} 26. Bc2 (26. Ref1 $11 {is superior.}) 26... h4 $1 27. Nf1 ({Better is} 27. Nxf5 $15 gxf5 28. Bd1) 27... g5 (27... e4 $17 28. Bd1 Qd7) 28. Bd1 g4 29. g3 e4 (29... Ne6 $5 {[%cal Re6g5]}) 30. dxe4 Rxe4 31. Qd2 {[%cal Of2f5]} Rd8 $36 {[%cal Od4f3][%mdl 2048] Black has good play.} 32. Rxe4 $1 Bxe4 33. Qe3 Bf3 34. Bxf3 gxf3 35. Kh1 h3 36. Nd2 Qg6 {[#] aiming for ...Re8.} 37. Nxf3 $2 {[%mdl 8192]} (37. Qe7 $11 Ne6 38. Kg1) 37... Re8 $19 38. Qc1 Rf8 39. Nh4 Qe4+ 40. Kg1 {[#]} Ne2+ $2 (40... Rxf2 $1 {mates} 41. Qg5+ Kf8 42. Qh6+ Ke7 43. Ng6+ Kd7 44. Ne5+ Qxe5 45. Qxh3+ Kc7 46. Kxf2 Qe2+ 47. Kg1 Nf3+ 48. Kh1 Qf2 49. Qh7+ Kb6 50. Qh6+ Ka5 51. Qb6+ Kxb6 52. h4 Qh2#) 41. Rxe2 $1 $11 {Dancing on a razor blade. The position is equal.} Qxe2 {[%mdl 4096] Endgame KQR-KQN} 42. Qg5+ Kh7 {[%cal Re2e1]} 43. Qg6+ Kh8 {[%csl Gf8][%cal Re2f1]} 44. Qh6+ Kg8 {[%csl Gf8][%cal Re2f1]} 45. Qg6+ Kh8 {[%csl Ge2][%cal Rf8f1]} 46. Qh6+ Kg8 {[%csl Gf8][%cal Re2f1]} 47. Qg6+ {Weighted Error Value: White=0.48/Black=0.22 (precise)} 1/2-1/2

[Event "Clichy 92 IM 2022"]
[Site "Clichy"]
[Date "2022.02.22"]
[Round "4.1"]
[White "Onkoud, Abdelaziz"]
[Black "Benmesbah, Natacha"]
[Result "0-1"]
[WhiteElo "2317"]
[BlackElo "2224"]
[Annotator "NA"]
[PlyCount "90"]
[EventDate "2022.02.20"]
[EventType "tourn"]
[EventCountry "FRA"]
[SourceTitle "playchess.com"]
[Source "ChessBase"]
[SourceQuality "1"]
[TimeControl "40/5400+30:1800+30"]

1. Nf3 {[%emt 0:03:16]} c5 {[%emt 0:00:16]} 2. b3 {[%emt 0:01:36]} Nc6 {[%emt 0:02:24]} 3. Bb2 {[%emt 0:00:20]} d6 {[%emt 0:01:44]} 4. e3 {[%emt 0:06:51]} e5 {[%emt 0:04:20]} 5. d3 {[%emt 0:09:09]} Be7 {[%emt 0:07:51]} 6. c4 {[%emt 0:00:43]} f5 {[%emt 0:00:30]} 7. Nc3 {[%emt 0:00:30]} Nf6 {[%emt 0:00:30]} 8. a3 {[%emt 0:02:38]} O-O {[%emt 0:09:36]} 9. Qc2 {[%emt 0:02:11]} Kh8 {[%emt 0:01:29]} 10. Be2 {[%emt 0:08:52]} Qe8 {[%emt 0:17:40]} 11. O-O-O {[%emt 0:05:34]} a6 {[%emt 0:02:17]} 12. h3 {[%emt 0:09:54]} (12. d4 $15) 12... b5 {[%emt 0:02:42]} 13. Nd5 {[%emt 0:02:35]} Nxd5 {[%emt 0:04:46]} 14. cxd5 {[%emt 0:00:09]} Na5 {[%emt 0:01:44]} 15. Nd2 {[%emt 0:07:44]} Bb7 {[%emt 0:08:53]} 16. Bf3 {[%emt 0:01:48]} Rc8 {[%emt 0:06:04]} 17. Kb1 {[%emt 0:00:38]} Qf7 {[%emt 0:02:53]} 18. g4 {[%emt 0:05:11]} Bxd5 {[%emt 0:02:43]} 19. Bxd5 {[%emt 0:01:21]} Qxd5 {[%emt 0:00:02]} 20. gxf5 {[%emt 0:00:10]} Qf7 {[%emt 0:01:23]} 21. Qc3 $19 {[%emt 0:02:33]} (21. Rdf1 $17) 21... Nc6 {[%emt 0:01:19]} 22. Rdg1 {[%emt 0:04:08]} d5 {[%emt 0:01:35]} 23. Rg2 {[%emt 0:01:32]} d4 {[%emt 0:06:15]} 24. Qc2 {[%emt 0:00:33]} Na5 {[%emt 0:01:24]} 25. Rhg1 {[%emt 0:02:25]} Bf6 {[%emt 0:00:18]} 26. Rc1 {[%emt 0:00:17]} Rc7 {[%emt 0:03:42]} 27. b4 {[%emt 0:05:35]} Nb7 {[%emt 0:00:04]} 28. Qb3 {[%emt 0:00:57]} Qd7 {[%emt 0:02:43]} 29. e4 {[%emt 0:03:07]} Rfc8 {[%emt 0:01:24]} 30. Rgg1 {[%emt 0:01:26]} a5 {[%emt 0:02:18]} 31. Rc2 {[%emt 0:02:56]} h6 {[%emt 0:02:21]} 32. f4 {[%emt 0:00:43]} exf4 {[%emt 0:00:31]} 33. Rgc1 {[%emt 0:00:12]} axb4 {[%emt 0:02:08]} 34. axb4 {[%emt 0:00:25]} c4 {[%emt 0:00:30]} 35. dxc4 {[%emt 0:02:35]} d3 {[%emt 0:00:00]} 36. Rc3 {[%emt 0:00:38]} Bxc3 {[%emt 0:00:41]} 37. Qxc3 {[%emt 0:00:05]} bxc4 {[%emt 0:00:43]} 38. f6 {[%emt 0:01:23]} Nd6 {[%emt 0:00:59]} 39. Rg1 {[%emt 0:02:45]} Nb5 {[%emt 0:00:38]} 40. fxg7+ {[%emt 0:00:13]} Kg8 {[%emt 0:00:06]} 41. Qf6 {[%emt 0:31:16]} Qd6 {[%emt 0:04:54]} 42. Qf5 {[%emt 0:00:00]} c3 {[%emt 0:01:08]} 43. e5 {[%emt 0:00:00]} cxb2 {[%emt 0:07:37]} 44. exd6 {[%emt 0:00:00]} Rc1+ {[%emt 0:00:04]} 45. Kxb2 {[%emt 0:00:00]} R1c2+ {[%emt 0:00:23]} 0-1

[Event "Clichy 92 IM 2022"]
[Site "Clichy"]
[Date "2022.02.22"]
[Round "4.2"]
[White "Sorbe, Stephane"]
[Black "Mekhane, Adam"]
[Result "1/2-1/2"]
[WhiteElo "2324"]
[BlackElo "2318"]
[Annotator "NA"]
[PlyCount "103"]
[EventDate "2022.02.20"]
[EventType "tourn"]
[EventCountry "FRA"]
[SourceTitle "playchess.com"]
[Source "ChessBase"]
[SourceQuality "1"]
[TimeControl "40/5400+30:1800+30"]

1. d4 {[%emt 0:00:03]} Nf6 {[%emt 0:00:06]} 2. Nf3 {[%emt 0:00:08]} e6 {[%emt 0:00:06]} 3. Bg5 {[%emt 0:00:33]} h6 {[%emt 0:00:10]} 4. Bh4 {[%emt 0:00:15]} c5 {[%emt 0:00:17]} 5. e3 {[%emt 0:00:38]} cxd4 {[%emt 0:00:06]} 6. exd4 {[%emt 0:02:03]} Qb6 {[%emt 0:00:07]} 7. Qc1 {[%emt 0:05:36]} g5 {[%emt 0:02:03]} 8. Bg3 {[%emt 0:00:37]} Nc6 {[%emt 0:00:38]} 9. c3 {[%emt 0:01:01]} Nh5 {[%emt 0:03:36]} 10. Nbd2 {[%emt 0:02:13]} d5 {[%emt 0:03:06]} 11. Be2 {[%emt 0:09:29]} Nxg3 {[%emt 0:21:26]} 12. hxg3 {[%emt 0:00:10]} Bg7 {[%emt 0:00:03]} 13. Nb3 {[%emt 0:02:01]} Qc7 {[%emt 0:12:19]} 14. Qe3 {[%emt 0:03:36]} b6 {[%emt 0:04:53]} 15. Nc1 {[%emt 0:07:35]} Bb7 {[%emt 0:04:59]} 16. Nd3 {[%emt 0:03:53]} O-O-O {[%emt 0:01:08]} 17. O-O {[%emt 0:06:13]} Kb8 {[%emt 0:02:17]} 18. Rfd1 {[%emt 0:08:15]} (18. Rfe1 $11) 18... f6 $1 {[%emt 0:07:50]} 19. Nb4 {[%emt 0:04:04]} Nxb4 {[%emt 0:07:11]} 20. cxb4 {[%emt 0:00:05]} e5 {[%emt 0:00:07]} 21. a4 {[%emt 0:05:35]} e4 {[%emt 0:05:30]} 22. Nh2 {[%emt 0:02:19]} f5 {[%emt 0:01:31]} 23. a5 {[%emt 0:00:15]} Rhf8 {[%emt 0:01:32]} 24. Rdc1 $17 {[%emt 0:12:29]} Qd6 {[%emt 0:00:23]} 25. axb6 {[%emt 0:00:06]} Qxb6 {[%emt 0:00:29]} 26. Rc5 {[%emt 0:00:08]} f4 {[%emt 0:08:16]} 27. Qc3 {[%emt 0:07:14]} Rf7 {[%emt 0:06:32]} 28. Nf1 {[%emt 0:05:48]} Rdf8 {[%emt 0:02:48]} 29. Bh5 {[%emt 0:02:04]} Re7 {[%emt 0:01:08]} 30. b5 {[%emt 0:06:54]} Rc7 {[%emt 0:01:32]} 31. b4 {[%emt 0:00:44]} Rxc5 {[%emt 0:00:52]} 32. bxc5 {[%emt 0:00:04]} Qxb5 {[%emt 0:00:04]} 33. Nd2 {[%emt 0:01:40]} Rc8 {[%emt 0:01:26]} 34. Rb1 {[%emt 0:00:38]} Qa4 {[%emt 0:00:50]} 35. Rb4 {[%emt 0:00:46]} Qa6 {[%emt 0:00:22]} 36. Bf7 {[%emt 0:01:51]} Ka8 {[%emt 0:00:27]} 37. Qb3 {[%emt 0:00:21]} Rd8 {[%emt 0:00:30]} 38. Nb1 {[%emt 0:02:06]} fxg3 {[%emt 0:01:27]} 39. Qxg3 {[%emt 0:00:00]} Qa5 {[%emt 0:01:13]} 40. Qb3 {[%emt 0:00:15]} Qc7 {[%emt 0:00:38]} 41. Bh5 {[%emt 0:03:58]} Bc6 {[%emt 0:05:52]} 42. Nc3 {[%emt 0:02:10]} Qf4 {[%emt 0:25:40]} 43. g3 {[%emt 0:08:28]} Qd2 {[%emt 0:00:00]} 44. Nxd5 {[%emt 0:14:22]} Qe1+ {[%emt 0:00:00]} 45. Kg2 {[%emt 0:00:11]} e3 {[%emt 0:00:00]} 46. f3 {[%emt 0:03:19]} Qf2+ {[%emt 0:00:00]} 47. Kh3 {[%emt 0:00:14]} Qf1+ {[%emt 0:00:00]} 48. Kh2 {[%emt 0:00:07]} Qf2+ {[%emt 0:00:35]} 49. Kh3 {[%emt 0:00:18]} Qf1+ {[%emt 0:01:42]} 50. Kh2 {[%emt 0:00:03]} Qf2+ {[%emt 0:01:09]} 51. Kh3 {[%emt 0:00:04]} Qf1+ {[%emt 0:00:16]} 52. Kh2 {[%emt 0:00:11]} 1/2-1/2